Hybrid solar-sun drying and canning sustainable solutions for marine fish preservations and community development / (Record no. 18344)

MARC details
000 -LEADER
fixed length control field 01025nam a22002897a 4500
001 - CONTROL NUMBER
control field BD-DhSAU
003 - CONTROL NUMBER IDENTIFIER
control field BD-DhSAU
005 - DATE AND TIME OF LATEST TRANSACTION
control field 20260429170428.0
008 - FIXED-LENGTH DATA ELEMENTS--GENERAL INFORMATION
fixed length control field 260429b2005 bg ||||| m||| 00| 0 eng d
040 ## - CATALOGING SOURCE
Original cataloging agency BD-DhSAU
082 ## - DEWEY DECIMAL CLASSIFICATION NUMBER
Edition number 22
Classification number 664.94
Item number M396
100 ## - MAIN ENTRY--PERSONAL NAME
Personal name Rahman, Md. MAsud
Relator term Registration No. #
245 ## - TITLE STATEMENT
Title Hybrid solar-sun drying and canning sustainable solutions for marine fish preservations and community development /
Remainder of title phd thesis
260 ## - PUBLICATION, DISTRIBUTION, ETC. (IMPRINT)
Place of publication, distribution, etc. University, Malaysia Sarawak
Name of publisher, distributor, etc. Faculty of Resouce science and Technology,
Date of publication, distribution, etc. 2025.
300 ## - PHYSICAL DESCRIPTION
Extent xx, 198p. ;
Dimensions 30 cm.
500 ## - GENERAL NOTE
General note Phd thesis of Faculty of Resouce science and Technology, , University, Malaysia, Sarawak
504 ## - BIBLIOGRAPHY, ETC. NOTE
Bibliography, etc Includes bibliographical reference.
590 ## - Name of Cataloguer
Name of Cataloger Nazmul
650 ## - SUBJECT ADDED ENTRY--TOPICAL TERM
Topical term or geographic name as entry element Hybrid solar-sun drying
651 ## - SUBJECT ADDED ENTRY--GEOGRAPHIC NAME
Geographic name canning sustainable solutions
654 ## - SUBJECT ADDED ENTRY--FACETED TOPICAL TERM
Focus term marine fish preservations
655 ## - INDEX TERM--GENRE/FORM
Source of term community development
700 ## - ADDED ENTRY--PERSONAL NAME
Relator code Supervisor
710 ## - ADDED ENTRY--CORPORATE NAME
Relator code Co-Supervisor
942 ## - ADDED ENTRY ELEMENTS (KOHA)
Source of classification or shelving scheme Dewey Decimal Classification
Koha item type PhD Thesis
Holdings
Withdrawn status Lost status Source of classification or shelving scheme Damaged status Not for loan Collection code Home library Branch Name Date acquired Total Checkouts Full call number Barcode Date last seen Price effective from Koha item type
    Dewey Decimal Classification   Not For Loan Reference SAU Library SAU Library 29/04/2026   664.94 M396 46225 29/04/2026 29/04/2026 PhD Thesis